000 00445nam a2200145Ia 4500
008 100204s9999 xx 000 0 und d
082 _b11128
100 _aजावडेकर सुबोध
245 _aआकांत
260 _b"ग्रंथाली वाचक चळवळ , मुंबई - कुर्ला"
_c1988
300 _a102
630 _aआकांत
730 _aआकांत
942 _cBOOK
999 _c455564
_d455561